Nazeranie do spisov a evidencia daní daňového subjektu u správcu dane

Nazeranie do daňového spisu sa môže označiť za pomerne problematickú oblasť, pretože právo na informácie naráža na ďalšie zákonné zásady, a to zásadu neverejnosti a mlčanlivosti. Optimálnym výstupom právnej úpravy nahliadania do daňového spisu by mala byť možnosť poskytnúť daňovému subjektu všetky...

ver descrição completa

Na minha lista:
Detalhes bibliográficos
Autor principal: Jurčíková, Božena
Outros Autores: Mečár, Miroslav
Formato: Capítulo de Livro
Idioma:eslovaco
Assuntos:
Tags: Adicionar Tag
Sem tags, seja o primeiro a adicionar uma tag!

MARC

LEADER 00000naa a2200000 4500
001 0123217
005 20231127100711.3
041 0 |a slo 
044 |a SK 
245 1 0 |a Nazeranie do spisov a evidencia daní daňového subjektu u správcu dane  |c Božena Jurčíková, Miroslav Mečár 
520 |a Nazeranie do daňového spisu sa môže označiť za pomerne problematickú oblasť, pretože právo na informácie naráža na ďalšie zákonné zásady, a to zásadu neverejnosti a mlčanlivosti. Optimálnym výstupom právnej úpravy nahliadania do daňového spisu by mala byť možnosť poskytnúť daňovému subjektu všetky informácie s ním súvisiace tak, aby efektívne mohol hájiť a brániť svoje práva. 
610 2 0 |a informácie 
610 2 0 |a daňovníci 
610 2 0 |a evidencia 
610 2 0 |a správa daňová 
100 1 |a Jurčíková, Božena 
700 1 |a Mečár, Miroslav